000
00328nam a2200133Ia 4500
008
150201s2009 xx 000 0 und d
082
_a
615
_b
S09D
100
_a
DHIVAK , VIKAS
245
_a
SMART STUDY SERIES OF PHARMACOLOGY
250
_a
1ST
260
_b
ELSEVIER
_a
DELHI
_c
2009
650
_a
PHARMACOLOGY
942
_2
ddc
_c
BK
_0
8
999
_c
1208
_d
1208